| 000 | 00420pam a2200157 a 4500 | ||
|---|---|---|---|
| 020 | _a0849368715 | ||
| 040 | _cDLC | ||
| 082 | 0 | 0 | _a539 CRC 1988 A025 Or. |
| 100 | 1 | _aBosanac, Slobodan D. | |
| 245 | 1 | 0 | _aLong-lived states in collisions / |
| 260 |
_aBoca Raton, Fla. : _bCRC Press, _cc1988. |
||
| 300 |
_a172 p. : _bill. ; _c27 cm. |
||
| 500 | _aIncludes index. | ||
| 650 | 0 | _aCollisions (Nuclear physics) | |
| 942 | _cEK | ||
| 999 |
_c13643 _d13643 |
||